00601nam a2200145Ia 4500008004100000050002500041100002300066245009100089260008600180300002800266521002700294942000700321999001900328952010800347140724s9999 xx 000 0 und d aQA 76.5b.Sh528 2011 aShalaby, Sofia DG. aMembering management system (MMS) of Las Piñas Baptist Church /cSofia D.G. Shalaby. aLas Piñas, Philippines :bSouthville International School and Colleges,cc2011. a63 p. :bill. ;c28 cm. aInformation Technology cTH c228740d228740 001040aCLbCLcTHESESd2014-07-24l0oQA 76.5 .Sh528 2011pT0094r2017-03-23 00:00:00w2014-07-24yTH